La vorágine / (Record no. 35789)
[ view plain ]
| 000 -CABECERA | |
|---|---|
| campo de control de longitud fija | 00614nam a2200193 a 4500 |
| 001 - NÚMERO DE CONTROL | |
| campo de control | 000036298 |
| 005 - FECHA Y HORA DE LA ÚLTIMA TRANSACCIÓN | |
| campo de control | 20200930075643.0 |
| 008 - DATOS DE LONGITUD FIJA--INFORMACIÓN GENERAL | |
| campo de control de longitud fija | 120112s1985 cl 000 0 spa d |
| 040 ## - FUENTE DE LA CATALOGACIÓN | |
| Centro catalogador/agencia de origen | DO-SdBNP |
| Lengua de catalogación | spa |
| Centro/agencia transcriptor | BNPHU |
| 082 ## - NÚMERO DE LA CLASIFICACIÓN DECIMAL DEWEY | |
| Número de clasificación | xxxx |
| Número de documento/Ítem | R621v |
| 100 1# - ENTRADA PRINCIPAL--NOMBRE DE PERSONA | |
| Nombre de persona | Rivera, José Eustacio |
| 9 (RLIN) | 62434 |
| 245 13 - MENCIÓN DE TÍTULO | |
| Título | La vorágine / |
| Mención de responsabilidad, etc. | José Eustacio Rivera. |
| 260 ## - PUBLICACIÓN, DISTRIBUCIÓN, ETC. | |
| Lugar de publicación, distribución, etc. | Chile : |
| Nombre del editor, distribuidor, etc. | Banco Colocadora Nacional de Valores, |
| Fecha de publicación, distribución, etc. | 1985. |
| 300 ## - DESCRIPCIÓN FÍSICA | |
| Extensión | 191 p. ; |
| Dimensiones | 18 cm. |
| 490 1# - MENCIÓN DE SERIE | |
| Mención de serie | Los mejores libros de la literatura universal |
| 490 1# - MENCIÓN DE SERIE | |
| Mención de serie | Ercilla |
| 830 #4 - PUNTO DE ACCESO ADICIONAL DE SERIE-TÍTULO UNIFORME | |
| Título uniforme | Los mejores libros de la literatura universal |
| 9 (RLIN) | 10647 |
| 830 #0 - PUNTO DE ACCESO ADICIONAL DE SERIE-TÍTULO UNIFORME | |
| Título uniforme | Ercilla |
| 9 (RLIN) | 62435 |
| Estado de retiro | Estado de pérdida | Restricciones de uso | No para préstamo | Código de colección | Localización permanente | Ubicación/localización actual | Ubicación en estantería | Fecha de adquisición | Número de inventario | Total de préstamos | Signatura topográfica completa | Código de barras | Fecha visto por última vez | Precio válido a partir de | Tipo de ítem Koha |
|---|---|---|---|---|---|---|---|---|---|---|---|---|---|---|---|
| Excluido de préstamo | Monografías: Libros y Folletos | General | General | En catalogación | 12.01.2012 | LF1 | xxxx R621v | 36299-10 | 25.06.2020 | 25.06.2020 | No se presta |
